[Event "24. Copenhagen Open  (Politiken Cup)"]
[Site "Copenhagen"]
[Date "2002.07.16"]
[Round "2"]
[White "Kaaber Hansen, Jacob"]
[Black "Lynge, Torben"]
[Result "1-0"]
[WhiteElo "2079"]
[BlackElo "1669"]
[PlyCount "61"]
[EventDate "2002.07.15"]
[EventType "swiss"]
[EventRounds "11"]
[EventCountry "DEN"]
[SourceDate "2004.01.01"]

1. e4 c6 2. Nc3 d5 3. Nf3 dxe4 4. Nxe4 Bf5 5. Ng3 Bg6 6. h4 h6 7. d4 Nd7 8. h5
Bh7 9. Bd3 Bxd3 10. Qxd3 Ngf6 11. Bf4 Nd5 12. Bd2 e6 13. O-O-O Qc7 14. Kb1 Be7
15. Ne2 O-O-O 16. c4 N5b6 17. Qb3 Nf6 18. Bf4 Qd7 19. Ne5 Qe8 20. Nc3 Nfd7 21.
c5 Nd5 22. Nxd5 exd5 23. Qa3 Nxe5 24. Qxa7 Bf6 25. Rhe1 Qe6 26. Bxe5 Qf5+ 27.
Ka1 Bxe5 28. Rxe5 Qd7 29. Rde1 Rhe8 30. Rxe8 Rxe8 31. Qa8+ 1-0

[Event "24. Copenhagen Open  (Politiken Cup)"]
[Site "Copenhagen"]
[Date "2002.07.16"]
[Round "2"]
[White "Korolev, Nikolaj"]
[Black "Bogdanov, Max"]
[Result "1-0"]
[WhiteElo "1964"]
[BlackElo "1302"]
[PlyCount "59"]
[EventDate "2002.07.15"]
[EventType "swiss"]
[EventRounds "11"]
[EventCountry "DEN"]
[SourceDate "2004.01.01"]

1. e4 c6 2. d4 d5 3. e5 Bf5 4. Nc3 e6 5. g4 Bg6 6. Nge2 c5 7. h4 h6 8. Be3 cxd4
9. Nxd4 Nc6 10. Bb5 Qc7 11. f4 Nge7 12. Qd2 h5 13. f5 exf5 14. gxf5 Bxf5 15.
Nxf5 Nxf5 16. Nxd5 Qxe5 17. O-O-O Ba3 18. c3 Nxe3 19. Rhe1 Bc5 20. Nxe3 O-O 21.
Nd5 Qg3 22. b4 Bb6 $11 23. Bxc6 bxc6 24. Ne7+ Kh8 25. Nf5 Qg4 26. Re5 Rad8 27.
Nd4 Bxd4 28. cxd4 Qxh4 29. Qe2 Rxd4 30. Rxh5+ 1-0

[Event "24. Copenhagen Open  (Politiken Cup)"]
[Site "Copenhagen"]
[Date "2002.07.16"]
[Round "2"]
[White "Li, Mike"]
[Black "Laursen, Niels Norskov"]
[Result "0-1"]
[WhiteElo "1475"]
[BlackElo "2135"]
[PlyCount "66"]
[EventDate "2002.07.15"]
[EventType "swiss"]
[EventRounds "11"]
[EventCountry "DEN"]
[SourceDate "2004.01.01"]

1. d4 Nf6 2. Nf3 c5 3. c3 e6 4. Bg5 d5 5. Nbd2 Nbd7 6. e3 Bd6 7. Bd3 O-O 8. O-O
e5 9. dxe5 Nxe5 10. Nxe5 Bxe5 11. f4 Bb8 12. e4 c4 13. Bb1 b5 14. Kh1 Qb6 15.
e5 Ng4 16. Qe1 f6 17. exf6 Nxf6 18. Qh4 h6 19. Re1 Ng4 20. Re2 Bd7 21. h3 Ne3
22. Bxh6 gxh6 23. Qg3+ Ng4 24. hxg4 Bxf4 25. Qh4 Bxd2 26. Rxd2 Rf1+ 27. Kh2
Qg1+ 28. Kh3 Qe3+ 29. Kh2 Qf4+ 30. Qg3 Rh1+ 31. Kxh1 Qxg3 32. Rd1 Rf8 33. Bc2
Rf2 0-1

[Event "24. Copenhagen Open  (Politiken Cup)"]
[Site "Copenhagen"]
[Date "2002.07.16"]
[Round "2"]
[White "Lie, Terje"]
[Black "Jorgensen, Morten"]
[Result "1-0"]
[WhiteElo "1913"]
[BlackElo "1257"]
[PlyCount "55"]
[EventDate "2002.07.15"]
[EventType "swiss"]
[EventRounds "11"]
[EventCountry "DEN"]
[SourceDate "2004.01.01"]

1. d4 d5 2. c4 dxc4 3. e4 e5 4. Nf3 exd4 5. Bxc4 Nc6 6. O-O Nf6 7. Nbd2 Be7 8.
Re1 O-O 9. e5 Nd5 10. Nb3 Nb6 11. Bd3 Nb4 12. Be4 c5 13. a3 N4d5 14. Qc2 h6 15.
Nxc5 Qc7 16. b4 f5 17. Bd3 a5 18. Bd2 axb4 19. axb4 Rxa1 20. Rxa1 Bxc5 21. bxc5
Nd7 22. Re1 Qxc5 23. Qxc5 Nxc5 24. Bc4 Be6 25. Nxd4 Ne4 26. Nxe6 Nb6 27. Nxf8+
Kxf8 28. Bb4+ 1-0

[Event "24. Copenhagen Open  (Politiken Cup)"]
[Site "Copenhagen"]
[Date "2002.07.16"]
[Round "2"]
[White "Lilja, Richard"]
[Black "Pert, Nicholas"]
[Result "0-1"]
[WhiteElo "2123"]
[BlackElo "2460"]
[PlyCount "56"]
[EventDate "2002.07.15"]
[EventType "swiss"]
[EventRounds "11"]
[EventCountry "DEN"]
[SourceDate "2004.01.01"]

1. e4 e6 2. d3 d5 3. Nd2 Nf6 4. Ngf3 Nc6 5. c3 a5 6. e5 Nd7 7. d4 f6 8. Bb5 Be7
9. exf6 Bxf6 10. Qe2 Qe7 11. Ne5 Ncxe5 12. dxe5 Bg5 13. h4 Bh6 14. Nf3 Bxc1 15.
Rxc1 O-O 16. Bd3 Nc5 17. Bb1 Bd7 18. Rh3 Rf4 19. Ng5 h6 20. g3 Rff8 21. Qc2 Rf5
22. Qe2 hxg5 23. hxg5 Ne4 24. f4 Qc5 25. Bxe4 dxe4 26. g6 Rd8 27. c4 Qg1+ 28.
Qf1 Qe3+ 0-1

[Event "24. Copenhagen Open  (Politiken Cup)"]
[Site "Copenhagen"]
[Date "2002.07.16"]
[Round "2"]
[White "Lonborg, Morten"]
[Black "Kallio, Heikki"]
[Result "0-1"]
[WhiteElo "2152"]
[BlackElo "2501"]
[PlyCount "118"]
[EventDate "2002.07.15"]
[EventType "swiss"]
[EventRounds "11"]
[EventCountry "DEN"]
[SourceDate "2004.01.01"]

1. d4 Nf6 2. c4 e6 3. Nc3 Bb4 4. Qc2 c5 5. dxc5 Bxc5 6. Nf3 O-O 7. Bg5 Nc6 8.
O-O-O Be7 9. Rg1 a6 10. e4 Ng4 11. Bxe7 Qxe7 12. h3 Nge5 13. Nxe5 Nxe5 14. Bd3
b5 15. cxb5 axb5 16. Bxb5 Ba6 17. Bxa6 Rxa6 18. Rd4 Rc8 19. Kb1 Rb6 20. Nd5
Rxb2+ 21. Qxb2 exd5 22. Rc1 Rxc1+ 23. Qxc1 Nc6 24. Ra4 f6 25. exd5 Qe2 26. Qc2
Qb5+ 27. Kc1 Ne5 28. Rd4 g5 29. a4 Qa6 30. d6 Kg7 31. Kd2 Qf1 32. Kc3 Qxg2 33.
Kb2 Qa8 34. Qc3 Nc6 35. Rd2 Qxa4 36. Qb3 Qf4 37. Qc3 h5 38. Qe3 Qb4+ 39. Kc2
Ne5 40. Qc3 Qe4+ 41. Kb3 h4 42. Qd4 Qb1+ 43. Rb2 Qf1 44. Qc3 Qd1+ 45. Rc2 Qxd6
46. Rd2 Qe6+ 47. Kc2 Kg6 48. Kd1 Qa6 49. Ke1 Qb7 50. Qc2+ Kg7 51. Re2 Qh1+ 52.
Kd2 Qxh3 53. Qe4 Qb3 54. Qf5 d5 55. f4 Qb4+ 56. Ke3 Qc3+ 57. Kf2 Qf3+ 58. Ke1
Nd3+ 59. Kd1 Nxf4 0-1

[Event "24. Copenhagen Open  (Politiken Cup)"]
[Site "Copenhagen"]
[Date "2002.07.16"]
[Round "2"]
[White "Matamoros Franco, Carlos S"]
[Black "Tandrup, Michael"]
[Result "1-0"]
[WhiteElo "2473"]
[BlackElo "1874"]
[PlyCount "53"]
[EventDate "2002.07.15"]
[EventType "swiss"]
[EventRounds "11"]
[EventCountry "DEN"]
[SourceDate "2004.01.01"]

1. c4 g6 2. d4 Nf6 3. Nc3 Bg7 4. e4 d6 5. Bd3 c6 6. Nge2 e5 7. d5 O-O 8. O-O
cxd5 9. cxd5 Nh5 10. Be3 f5 11. exf5 Bxf5 12. Rc1 Bxd3 13. Qxd3 a6 14. Ne4 Nf4
15. Qd2 Nxe2+ 16. Qxe2 Qa5 17. Qc4 Nd7 18. Nxd6 Nb6 19. Qc7 Qxa2 20. Qxb6 Qxd5
21. Rfd1 Qe6 22. Ne4 Qf5 23. Qb3+ Kh8 24. Nd6 Qf6 25. Rc7 h5 26. Nf7+ Kh7 27.
Rdd7 1-0

[Event "24. Copenhagen Open  (Politiken Cup)"]
[Site "Copenhagen"]
[Date "2002.07.16"]
[Round "2"]
[White "Mathiesen, Erik"]
[Black "Bilfeldt, Anders"]
[Result "1/2-1/2"]
[WhiteElo "1958"]
[BlackElo "1287"]
[PlyCount "142"]
[EventDate "2002.07.15"]
[EventType "swiss"]
[EventRounds "11"]
[EventCountry "DEN"]
[SourceDate "2004.01.01"]

1. e4 c5 2. Nc3 Nc6 3. f4 d6 4. Nf3 g6 5. Be2 Bg7 6. d3 Nf6 7. O-O O-O 8. Rb1
e6 9. Kh1 Bd7 10. Be3 Qe7 11. Bf2 d5 12. Bh4 d4 13. Nb5 a6 14. Na3 Qe8 15. Nc4
b5 16. Nd6 Qb8 17. e5 Nd5 18. Qd2 Ne3 19. Rg1 f6 20. Ne4 fxe5 21. Nxc5 Ra7 22.
fxe5 Nxe5 23. Nxd4 N5g4 24. Bxg4 Nxg4 25. Nf3 Bc6 26. Bg3 Qc8 27. Ne4 Bh6 28.
Qe2 Be3 29. Rgf1 Bxe4 30. dxe4 Bh6 31. Bf2 Rc7 32. c3 Qb7 33. Bd4 Rcf7 34. h3
Nf6 35. Bxf6 Rxf6 36. Rbd1 Bg7 37. Rd6 e5 38. Rxf6 Bxf6 39. Rd1 Qc7 40. Rd5 Rc8
41. Qd3 Qc4 42. Qxc4 Rxc4 43. Rd6 Bg7 44. Ng5 h6 45. Rd8+ Bf8 46. Ne6 Kf7 47.
Nxf8 Rxe4 48. Ra8 Re1+ 49. Kh2 Rd1 50. Nh7 Rd6 51. Ra7+ Ke6 52. Kg3 Rd3+ 53.
Kf2 Rd2+ 54. Kf1 Rxb2 55. Rxa6+ Kf5 56. Rf6+ Ke4 57. Rxg6 Rxa2 58. Rxh6 Kd3 59.
Nf6 Kxc3 60. Ne4+ Kd4 61. Rh4 Ke3 62. Kg1 Ra4 63. Rh8 Rxe4 64. Rb8 Rb4 65. g4
Kf4 66. Rf8+ Kg3 67. Kf1 Kxh3 68. g5 Rg4 69. Rf5 b4 70. Rxe5 Kg3 71. Rb5 Kh4
1/2-1/2

[Event "24. Copenhagen Open  (Politiken Cup)"]
[Site "Copenhagen"]
[Date "2002.07.16"]
[Round "2"]
[White "McShane, Luke J"]
[Black "Roeder, Peter Ulrik"]
[Result "1-0"]
[WhiteElo "2544"]
[BlackElo "2174"]
[PlyCount "139"]
[EventDate "2002.07.15"]
[EventType "swiss"]
[EventRounds "11"]
[EventCountry "DEN"]
[SourceDate "2004.01.01"]

1. e4 c5 2. Nf3 d6 3. Bc4 Nf6 4. d3 e6 5. Bb3 b5 6. c3 a6 7. O-O Bb7 8. Nbd2
Be7 9. Re1 O-O 10. Bc2 e5 11. Nf1 Ne8 12. Ng3 Bc8 13. a4 Nc7 14. d4 Nc6 15. d5
Na5 16. b3 bxa4 17. Rxa4 Nb7 18. Nf5 Bd7 19. Ra2 Bf6 20. Bd2 g6 21. Ne3 Qe7 22.
g4 Rfb8 23. Kh1 Nd8 24. Rg1 Bg7 25. h4 f6 26. c4 Nf7 27. g5 fxg5 28. hxg5 Rf8
29. Rg3 Nh8 30. Nf1 Qd8 31. N1h2 Qc8 32. Bd3 Rb8 33. Ra3 Rf7 34. Be2 Bf8 35.
Qg1 Be7 36. Ne1 Rf8 37. Bg4 Bxg4 38. Nxg4 Qd7 39. Nf3 Nf7 40. Rh3 Kg7 41. Qg3
Qd8 42. Ngh2 Qd7 43. Kg2 Rb7 44. Be3 Rfb8 45. Nd2 Qd8 46. Nhf3 Qd7 47. Ra1 Rh8
48. Rah1 Qc8 49. Qh2 Qg8 50. Rh4 a5 51. Qg3 Rb4 52. Ne1 Qc8 53. Nd3 Rb7 54. f4
exf4 55. Bxf4 h5 56. gxh6+ Kh7 57. Rg4 Rg8 58. e5 dxe5 59. Nxe5 Nxe5 60. Bxe5
Ne8 61. Rf1 Bd8 62. Rgf4 Qd7 63. Ne4 Qe7 64. d6 Qd7 65. Rf8 Qc6 66. R1f7+ Rxf7
67. Rxf7+ Ng7 68. Qf3 Kxh6 69. Bxg7+ Rxg7 70. Qh3+ 1-0

[Event "24. Copenhagen Open  (Politiken Cup)"]
[Site "Copenhagen"]
[Date "2002.07.16"]
[Round "2"]
[White "McShane, Rod"]
[Black "Skjoldan, Benjamin"]
[Result "0-1"]
[WhiteElo "1500"]
[BlackElo "2024"]
[PlyCount "58"]
[EventDate "2002.07.15"]
[EventType "swiss"]
[EventRounds "11"]
[EventCountry "DEN"]
[SourceDate "2004.01.01"]

1. e4 c5 2. Nf3 Nc6 3. d4 cxd4 4. Nxd4 Nf6 5. Nc3 e5 6. Ndb5 d6 7. Bg5 a6 8.
Na3 b5 9. Nd5 Be7 10. Nxe7 Nxe7 11. f3 d5 12. exd5 Nfxd5 13. c3 f6 14. Bd2 O-O
15. Be2 Qb6 16. c4 Ne3 17. Bxe3 Qxe3 18. cxb5 axb5 19. Qd3 Qa7 20. Qb3+ Kh8 21.
Nxb5 Qa5+ 22. Nc3 Nf5 23. Qb5 Nd4 24. Qxa5 Rxa5 25. O-O Be6 26. b3 Rc8 27. Rac1
Rxc3 28. Rcd1 Nxe2+ 29. Kh1 Nd4 0-1

[Event "24. Copenhagen Open  (Politiken Cup)"]
[Site "Copenhagen"]
[Date "2002.07.16"]
[Round "2"]
[White "Moen, Andreas"]
[Black "Walseth, Tron"]
[Result "1/2-1/2"]
[WhiteElo "2278"]
[BlackElo "1832"]
[PlyCount "64"]
[EventDate "2002.07.15"]
[EventType "swiss"]
[EventRounds "11"]
[EventCountry "DEN"]
[SourceDate "2004.01.01"]

1. d4 d5 2. c4 c6 3. Nc3 Nf6 4. Nf3 dxc4 5. a4 Bf5 6. e3 e6 7. Bxc4 Bb4 8. O-O
O-O 9. Qe2 Bg6 10. Ne5 Nbd7 11. Nxg6 hxg6 12. Rd1 Qc7 13. e4 e5 14. h3 Qa5 15.
Na2 exd4 16. Nxb4 Qxb4 17. Rxd4 Qe7 18. Bf4 Ne5 19. Ba2 Rfe8 20. f3 a6 21. Rad1
b5 22. b4 c5 23. bxc5 Qxc5 24. Be3 Qc7 25. Rc1 Qa5 26. f4 Nc4 27. Bxc4 bxc4 28.
Qxc4 Rac8 29. Qxc8 Rxc8 30. Rxc8+ Kh7 31. Rdd8 {Diagram} Qe1+ 32. Kh2 Ng4+
1/2-1/2

[Event "24. Copenhagen Open  (Politiken Cup)"]
[Site "Copenhagen"]
[Date "2002.07.16"]
[Round "2"]
[White "Mortensen, Erling"]
[Black "Christensen, Christian"]
[Result "1-0"]
[WhiteElo "2450"]
[BlackElo "2131"]
[PlyCount "39"]
[EventDate "2002.07.15"]
[EventType "swiss"]
[EventRounds "11"]
[EventCountry "DEN"]
[SourceDate "2004.01.01"]

1. e4 e5 2. Nf3 Nc6 3. Bb5 a6 4. Ba4 d6 5. d4 b5 6. Bb3 Nxd4 7. Nxd4 exd4 8. c3
dxc3 9. Qh5 g6 10. Qd5 Be6 11. Qc6+ Bd7 12. Qxc3 Nf6 13. Bg5 Bg7 14. e5 Qe7 15.
O-O dxe5 16. Qxc7 O-O 17. Nc3 Rfc8 18. Qb7 Qd6 19. Bxf6 Rab8 20. Qd5 1-0

[Event "24. Copenhagen Open  (Politiken Cup)"]
[Site "Copenhagen"]
[Date "2002.07.16"]
[Round "2"]
[White "Nielsen, Jorgen Kamp"]
[Black "Unmack, Christian"]
[Result "0-1"]
[WhiteElo "1400"]
[BlackElo "1993"]
[PlyCount "34"]
[EventDate "2002.07.15"]
[EventType "swiss"]
[EventRounds "11"]
[EventCountry "DEN"]
[SourceDate "2004.01.01"]

1. e4 c5 2. Nf3 e6 3. d4 cxd4 4. c3 dxc3 5. Nxc3 d6 6. Bc4 Nf6 7. Be3 Be7 8.
Qa4+ Bd7 9. Qb3 Nc6 10. Qc2 O-O 11. a3 Rc8 12. Ba2 b5 13. b4 a5 14. Qb2 axb4
15. Ne2 bxa3 16. Qxb5 Nd4 17. Qd3 Nc2+ 0-1

[Event "24. Copenhagen Open  (Politiken Cup)"]
[Site "Copenhagen"]
[Date "2002.07.16"]
[Round "2"]
[White "Nielsen, Michael"]
[Black "Hansen, Torbjorn Ringdal"]
[Result "0-1"]
[WhiteElo "2086"]
[BlackElo "2280"]
[PlyCount "66"]
[EventDate "2002.07.15"]
[EventType "swiss"]
[EventRounds "11"]
[EventCountry "DEN"]
[SourceDate "2004.01.01"]

1. e4 c6 2. d4 d5 3. exd5 cxd5 4. c4 Nf6 5. Nc3 g6 6. Nf3 Bg7 7. Bd3 O-O 8. O-O
Nc6 9. h3 Nb4 10. c5 b6 11. Bf4 Nxd3 12. Qxd3 Bf5 13. Qe2 bxc5 14. dxc5 Rc8 15.
Rae1 d4 16. Rd1 d3 17. Qe3 Nd5 18. Nxd5 Qxd5 19. b4 Rc6 20. Qxe7 Re6 21. Qxa7
Bxh3 22. b5 Bg4 23. Qc7 Bxf3 24. gxf3 Qxf3 25. b6 Qg4+ 26. Bg3 Be5 27. Qb7 Bxg3
28. fxg3 Re3 29. Rd2 Rxg3+ 30. Rg2 Qd4+ 31. Kh2 Rxg2+ 32. Kxg2 Qxc5 33. Rf2 d2
0-1

[Event "24. Copenhagen Open  (Politiken Cup)"]
[Site "Copenhagen"]
[Date "2002.07.16"]
[Round "2"]
[White "Nielsen, Thomas"]
[Black "Thestrup, Sixten"]
[Result "1-0"]
[WhiteElo "2018"]
[BlackElo "1430"]
[PlyCount "61"]
[EventDate "2002.07.15"]
[EventType "swiss"]
[EventRounds "11"]
[EventCountry "DEN"]
[SourceDate "2004.01.01"]

1. c4 e5 2. Nc3 Nc6 3. g3 Bc5 4. Bg2 d6 5. Nf3 f5 6. e3 e4 7. Ng1 Ne5 8. d4
Nd3+ 9. Kf1 Bb4 10. Nd5 Ba5 11. b4 Bxb4 12. Nxb4 Nxb4 13. Qa4+ Nc6 14. d5 Bd7
15. dxc6 Bxc6 16. Qa5 Nf6 17. Qxf5 O-O 18. Bb2 Bd7 19. Bxf6 Rxf6 20. Qxe4 Bc6
21. Qd4 Qf8 22. f4 Bxg2+ 23. Kxg2 Qe7 24. Nf3 Re6 25. Rhe1 Re8 26. Kf2 Re4 27.
Qd3 Qe6 28. Rac1 Qf5 29. Qd5+ Qxd5 30. cxd5 R8e7 31. Nd4 1-0

[Event "24. Copenhagen Open  (Politiken Cup)"]
[Site "Copenhagen"]
[Date "2002.07.16"]
[Round "2"]
[White "Norton, Craig"]
[Black "Rohrmueller, Ulrich"]
[Result "0-1"]
[WhiteElo "1832"]
[BlackElo "2257"]
[PlyCount "74"]
[EventDate "2002.07.15"]
[EventType "swiss"]
[EventRounds "11"]
[EventCountry "DEN"]
[SourceDate "2004.01.01"]

1. d4 e6 2. Nf3 d5 3. e3 Nf6 4. Bd3 Be7 5. O-O b6 6. Qe2 Bb7 7. b3 O-O 8. Bb2
Nbd7 9. Nbd2 Ne4 10. a3 Re8 11. c4 Bf6 12. Rfd1 Qe7 13. Ne5 Bxe5 14. dxe5 Ndc5
15. Nxe4 dxe4 16. Bc2 Qg5 17. b4 Nd3 18. Bxd3 exd3 19. Qf1 Rad8 20. Rd2 Bf3 21.
Kh1 Be2 22. Qg1 h5 23. f3 c5 24. Qf2 Rc8 25. Rc1 Rc7 26. b5 a6 27. a4 axb5 28.
axb5 Ra7 29. f4 Qf5 30. h3 Ra4 31. Rxe2 dxe2 32. Qxe2 Rd8 33. Rd1 Rxd1+ 34.
Qxd1 Rxc4 35. e4 Qxe4 36. Qd8+ Kh7 37. Qg5 Qb1+ 0-1

[Event "24. Copenhagen Open  (Politiken Cup)"]
[Site "Copenhagen"]
[Date "2002.07.16"]
[Round "2"]
[White "Opstrup, Niels"]
[Black "Schmidt, Horst Hubert"]
[Result "0-1"]
[WhiteElo "1196"]
[BlackElo "1870"]
[PlyCount "92"]
[EventDate "2002.07.15"]
[EventType "swiss"]
[EventRounds "11"]
[EventCountry "DEN"]
[SourceDate "2004.01.01"]

1. d4 Nf6 2. c4 g6 3. Nc3 d5 4. Nf3 Bg7 5. e3 O-O 6. Bd3 c5 7. dxc5 Qa5 8. O-O
Rd8 9. Qc2 Qxc5 10. cxd5 Nxd5 11. Ne4 Qb6 12. Bc4 Qc6 13. Bb3 Qxc2 14. Bxc2 Bf5
15. Nfd2 Nc6 16. a3 Rac8 17. Bd1 Na5 18. g4 Bd7 19. Rb1 Bb5 20. Re1 Bd3 21. Ra1
Rc7 22. Be2 Bc2 23. g5 Nb6 24. h4 Rdc8 25. Bg4 Rd8 26. f4 Nbc4 27. f5 Bxb2 28.
Bxb2 Nxb2 29. f6 Nd3 30. Rf1 e6 31. Kg2 Ne5 32. Kg3 Nac4 33. Nxc4 Nxg4 34. Kxg4
Rxc4 35. Rac1 Rxe4+ 36. Kf3 Rc4 37. Rfe1 Be4+ 38. Kg3 Rxc1 39. Rxc1 Bc6 40. Rc3
Kf8 41. Kf4 Ke8 42. e4 Rd4 43. Re3 Kd7 44. Ke5 Rd1 45. Re2 Kc7 46. Re3 Rh1 0-1

[Event "24. Copenhagen Open  (Politiken Cup)"]
[Site "Copenhagen"]
[Date "2002.07.16"]
[Round "2"]
[White "Pedersen, Kaj Vinding"]
[Black "Mortensen, Henrik"]
[Result "0-1"]
[WhiteElo "1529"]
[BlackElo "2053"]
[PlyCount "60"]
[EventDate "2002.07.15"]
[EventType "swiss"]
[EventRounds "11"]
[EventCountry "DEN"]
[SourceDate "2004.01.01"]

1. d4 d6 2. Nf3 g6 3. c3 f5 4. g3 Bg7 5. Bg2 Nh6 6. Qb3 e6 7. Ng5 d5 8. h4 Ng4
9. f3 Nf6 10. Be3 h6 11. Nh3 O-O 12. Nd2 Nbd7 13. Nf4 Qe8 14. Nd3 e5 15. dxe5
Nxe5 16. Nxe5 Qxe5 17. Bf4 Qe7 18. c4 c6 19. cxd5 Nxd5 20. e4 Kh7 21. O-O-O
Nxf4 22. gxf4 Be6 23. Qc2 Bxa2 24. e5 Rad8 25. b3 Qb4 26. Qxa2 Qxf4 27. Qxa7
Qxe5 28. Qa2 Ra8 29. Qc2 Qa1+ 30. Nb1 Ra2 0-1

[Event "24. Copenhagen Open  (Politiken Cup)"]
[Site "Copenhagen"]
[Date "2002.07.16"]
[Round "2"]
[White "Preuss, Flemming"]
[Black "Lauritsen, Martin Lee"]
[Result "1-0"]
[WhiteElo "2063"]
[BlackElo "1517"]
[PlyCount "103"]
[EventDate "2002.07.15"]
[EventType "swiss"]
[EventRounds "11"]
[EventCountry "DEN"]
[SourceDate "2004.01.01"]

1. f4 d5 2. Nf3 Nf6 3. g3 Bf5 4. Bg2 e6 5. O-O Be7 6. d3 c6 7. e3 Nbd7 8. Qe2
O-O 9. Nc3 Re8 10. e4 dxe4 11. dxe4 Bg6 12. h3 Qc7 13. g4 h6 14. Kh1 Rad8 15.
e5 Nd5 16. Ne4 Nc5 17. Nxc5 Bxc5 18. c3 Ne7 19. Rd1 Rxd1+ 20. Qxd1 Rd8 21. Qe2
h5 22. Be3 Bxe3 23. Qxe3 Nd5 24. Qc1 Qb6 25. Nd4 c5 26. f5 Bh7 27. Qg5 exf5 28.
Nxf5 Bxf5 29. gxf5 f6 30. exf6 Nxf6 31. Re1 Qc7 32. Bf3 Qf7 33. Kg2 Re8 34.
Rxe8+ Qxe8 35. Qf4 Qf7 36. Qb8+ Ne8 37. Bxb7 Kh7 38. Bf3 Nf6 39. b3 Nd5 40. Qe5
Ne7 41. Be4 Qf6 42. Qxc5 Qg5+ 43. Kf3 Qf6 44. Ke2 h4 45. Kd3 a6 46. Qxe7 Qxe7
47. f6+ Qxe4+ 48. Kxe4 gxf6 49. Kf5 Kg7 50. c4 Kf7 51. b4 Ke7 52. a4 1-0

[Event "24. Copenhagen Open  (Politiken Cup)"]
[Site "Copenhagen"]
[Date "2002.07.16"]
[Round "2"]
[White "Raunkjar, Jonas"]
[Black "Jensen, Allan Astrup"]
[Result "1-0"]
[WhiteElo "1702"]
[BlackElo "2205"]
[PlyCount "133"]
[EventDate "2002.07.15"]
[EventType "swiss"]
[EventRounds "11"]
[EventCountry "DEN"]
[SourceDate "2004.01.01"]

1. e4 e5 2. Nf3 Nc6 3. Bc4 Bc5 4. c3 Qe7 5. O-O Nf6 6. d4 Bb6 7. d5 Nb8 8. Bg5
h6 9. Bh4 d6 10. Nbd2 a6 11. b4 Nbd7 12. Bb3 Nf8 13. Qc2 g5 14. Bg3 Ng6 15. Nc4
Ba7 16. Na5 Nh5 17. Ba4+ Kf8 18. Kh1 Nhf4 19. Ng1 Nh4 20. Bxh4 gxh4 21. Ne2
Nxg2 22. Kxg2 Rg8+ 23. Kh1 Bh3 24. Rg1 Qf6 25. Rxg8+ Kxg8 26. Qd3 Qxf2 27. Qxh3
Qxe2 28. Qg2+ Qxg2+ 29. Kxg2 Be3 30. Rd1 Rb8 31. Kh3 Bf4 32. Bd7 Kg7 33. Nc4
Kf6 34. Nd2 Ke7 35. Bf5 a5 36. b5 a4 37. a3 Rg8 38. Nf3 Be3 39. Nxh4 Bc5 40.
Ra1 h5 41. Nf3 Kd8 42. Ra2 c6 43. bxc6 bxc6 44. dxc6 Kc7 45. Bd7 Rb8 46. Nd2
Be3 47. Nc4 Bc5 48. Rb2 Rb3 49. Rxb3 axb3 50. a4 Bb6 51. Kh4 Ba5 52. Nd2 b2 53.
Nb1 Kb6 54. Kxh5 Kc5 55. Be8 f6 56. Kg6 d5 57. exd5 e4 58. Kxf6 e3 59. Bh5 Kxd5
60. Be2 Kxc6 61. Ke5 Bc7+ 62. Ke4 Bxh2 63. Kxe3 Kb6 64. Kd2 Bf4+ 65. Kc2 Bc1
66. Bb5 Kc5 67. Na3 1-0

[Event "24. Copenhagen Open  (Politiken Cup)"]
[Site "Copenhagen"]
[Date "2002.07.16"]
[Round "2"]
[White "Rodriguez Vinuesa, Azahara"]
[Black "Collins, Sam"]
[Result "0-1"]
[WhiteElo "2095"]
[BlackElo "2313"]
[PlyCount "116"]
[EventDate "2002.07.15"]
[EventType "swiss"]
[EventRounds "11"]
[EventCountry "DEN"]
[SourceDate "2004.01.01"]

1. e4 c5 2. Nf3 Nc6 3. d4 cxd4 4. Nxd4 Nf6 5. Nc3 e5 6. Ndb5 d6 7. Bg5 a6 8.
Na3 b5 9. Bxf6 gxf6 10. Nd5 f5 11. g3 Bg7 12. Bg2 O-O 13. exf5 e4 14. f6 Bxf6
15. Nxf6+ Qxf6 16. O-O Re8 17. c3 Bb7 18. Nc2 Ne5 19. Qd4 Qg6 20. Ne3 f5 21.
Nd5 Bxd5 22. Qxd5+ Kh8 23. Kh1 Qh6 24. Rad1 Rad8 25. Qd4 Qg7 26. f3 exf3 27.
Bxf3 Nc4 28. Qxg7+ Kxg7 29. Rd4 Nxb2 30. Bb7 Na4 31. Rxf5 Nxc3 32. Bxa6 d5 33.
Bb7 Re4 34. Rxe4 dxe4 35. Re5 Rd1+ 36. Kg2 Rd2+ 37. Kf1 b4 38. Ba6 Rxa2 39. Bc4
Rxh2 40. Re7+ Kf6 41. Rb7 e3 42. Rxb4 e2+ 43. Bxe2 Nxe2 44. Rb3 Kg5 45. Ke1 Nd4
46. Rd3 Nf5 47. Kf1 Kg4 48. Kg1 Re2 49. Rd7 Re7 50. Rd3 Re3 51. Rd7 h5 52. Rd8
Rxg3+ 53. Kh1 Rf3 54. Kg2 Ne3+ 55. Kh2 Rf2+ 56. Kg1 Kg3 57. Rg8+ Ng4 58. Rg7
Ra2 0-1

[Event "24. Copenhagen Open  (Politiken Cup)"]
[Site "Copenhagen"]
[Date "2002.07.16"]
[Round "2"]
[White "Rorvik, Jon F"]
[Black "Turov, Maxim"]
[Result "0-1"]
[WhiteElo "2168"]
[BlackElo "2518"]
[PlyCount "86"]
[EventDate "2002.07.15"]
[EventType "swiss"]
[EventRounds "11"]
[EventCountry "DEN"]
[SourceDate "2004.01.01"]

1. c4 e5 2. Nc3 Nf6 3. g3 Bb4 4. Bg2 O-O 5. e4 Nc6 6. Nge2 Bc5 7. O-O d6 8. h3
Be6 9. d3 a6 10. Kh2 Nd4 11. f4 b5 12. Nd5 Nd7 13. b4 Nxe2 14. bxc5 Nxc1 15.
cxd6 cxd6 16. Rxc1 bxc4 17. dxc4 Nc5 18. fxe5 dxe5 19. Qd2 Kh8 20. Rb1 Rc8 21.
Qb2 Qd6 22. Qb4 Rb8 23. Qa5 Rfc8 24. Rfd1 Rxb1 25. Rxb1 h5 26. Qd2 Nd7 27. Qg5
Rxc4 28. Qxh5+ Kg8 29. Qe2 Qc5 30. Rb2 Rc1 31. Qe3 Qxe3 32. Nxe3 Nc5 33. Rd2
Kh7 34. Nd5 Rc4 35. Re2 f6 36. Nc7 Bf7 37. Rb2 Bg6 38. Re2 a5 39. Nd5 Bxe4 40.
Ne3 Rd4 41. Rb2 Bxg2 42. Kxg2 Ra4 43. Nd5 Ra3 0-1

[Event "24. Copenhagen Open  (Politiken Cup)"]
[Site "Copenhagen"]
[Date "2002.07.16"]
[Round "2"]
[White "Rosenkilde, Alexander"]
[Black "Naes, Flovin Tor"]
[Result "0-1"]
[WhiteElo "1639"]
[BlackElo "2232"]
[PlyCount "54"]
[EventDate "2002.07.15"]
[EventType "swiss"]
[EventRounds "11"]
[EventCountry "DEN"]
[SourceDate "2004.01.01"]

1. e4 e5 2. Nf3 Nc6 3. d4 exd4 4. Bc4 Nf6 5. O-O Nxe4 6. Re1 d5 7. Bxd5 Qxd5 8.
Nc3 Qa5 9. Nxe4 Be6 10. Bd2 Qf5 11. Bg5 h6 12. Ng3 Qd5 13. Bf4 O-O-O 14. a3 Bg4
15. b4 g5 16. Bd2 Bg7 17. Rb1 Ne5 18. Rb3 d3 19. Ne4 Bxf3 20. gxf3 f5 21. c4
Nxc4 22. Nc5 Ne5 23. Re3 f4 24. Re4 b6 25. Na4 Rhe8 26. Nc3 Nxf3+ 27. Kg2 Bxc3
0-1

[Event "24. Copenhagen Open  (Politiken Cup)"]
[Site "Copenhagen"]
[Date "2002.07.16"]
[Round "2"]
[White "Rossen, Claus"]
[Black "Skovgaard, Peter Nicolai"]
[Result "1-0"]
[WhiteElo "2185"]
[BlackElo "1679"]
[PlyCount "53"]
[EventDate "2002.07.15"]
[EventType "swiss"]
[EventRounds "11"]
[EventCountry "DEN"]
[SourceDate "2004.01.01"]

1. d4 d5 2. Nf3 Nf6 3. c4 c6 4. Nc3 e6 5. g3 Bd6 6. Bg2 Nbd7 7. O-O O-O 8. b3
e5 9. dxe5 Nxe5 10. cxd5 Nxf3+ 11. Bxf3 Be5 12. Bb2 cxd5 13. Qd2 d4 14. Nb5 Bf5
15. Nxd4 Rc8 16. Rac1 Qd7 17. Qb4 Bh3 18. Rfd1 Rfd8 19. e3 Nd5 20. Qa5 Bxd4 21.
Bxd4 Qf5 22. Rxc8 Rxc8 23. Qxd5 Qc2 24. Bxa7 h6 25. Be4 Qc1 26. Bc5 Qxc5 27.
Qxc5 1-0